000 00366nam a22001577a 4500
003 MPLRDC
005 20220104123750.0
008 210129b ||||| |||| 00| 0 eng d
082 _a418.31 SW
100 _a不详
245 _a药物制品及制剂
_c
260 _a
_b商务印书馆
_c1970
300 _b
650 _a药品构造
942 _cBK
_o418.31 SW
999 _c14016
_d14006